A. Samad Ismail : (Record no. 412)

000 -LEADER
fixed length control field nam a22 a 4500
003 - CONTROL NUMBER IDENTIFIER
control field AKMAL
005 - DATE AND TIME OF LATEST TRANSACTION
control field 20170503160219.0
008 - FIXED-LENGTH DATA ELEMENTS--GENERAL INFORMATION
fixed length control field 170503s2000 my e 000 0 eng d
020 ## - INTERNATIONAL STANDARD BOOK NUMBER
International Standard Book Number 9676110280 (pbk. ):
Terms of availability RM24.00
040 ## - CATALOGING SOURCE
Original cataloging agency AKMAL
082 04 - DEWEY DECIMAL CLASSIFICATION NUMBER
Classification number 070.92 SAM
Edition number 21
090 00 - LOCALLY ASSIGNED LC-TYPE CALL NUMBER (OCLC); LOCAL CALL NUMBER (RLIN)
Classification number (OCLC) (R) ; Classification number, CALL (RLIN) (NR) 070.92
Local cutter number (OCLC) ; Book number/undivided call number, CALL (RLIN) SAM
100 0# - MAIN ENTRY--PERSONAL NAME
Personal name A. Samad Ismail
Fuller form of name (Abdul Samad Ismail),
Titles and words associated with a name Tan Sri,
Dates associated with a name 1924-2008
9 (RLIN) 954
245 10 - TITLE STATEMENT
Title A. Samad Ismail :
Remainder of title journalism & politics /
Statement of responsibility, etc. compiled and edited by Cheah Boon Kheng
260 ## - PUBLICATION, DISTRIBUTION, ETC.
Place of publication, distribution, etc. Kuala Lumpur :
Name of publisher, distributor, etc. Utusan Publications & Distributors,
Date of publication, distribution, etc. 2000
300 00 - PHYSICAL DESCRIPTION
Extent 332p. :
Other physical details ill. ;
Dimensions 22cm
600 00 - SUBJECT ADDED ENTRY--PERSONAL NAME
Personal name A. Samad Ismail
Fuller form of name (Abdul Samad Ismail),
Titles and other words associated with a name Tan Sri,
Dates associated with a name 1924-
9 (RLIN) 955
650 #0 - SUBJECT ADDED ENTRY--TOPICAL TERM
Topical term or geographic name entry element Journalists
Form subdivision Biography
Geographic subdivision Malaysia
9 (RLIN) 956
650 #0 - SUBJECT ADDED ENTRY--TOPICAL TERM
Topical term or geographic name entry element Authors, Malay
General subdivision 20th century
-- Biography
9 (RLIN) 957
650 #0 - SUBJECT ADDED ENTRY--TOPICAL TERM
Topical term or geographic name entry element Journalism
General subdivision History
Geographic subdivision Malaysia
9 (RLIN) 958
700 1# - ADDED ENTRY--PERSONAL NAME
Personal name Cheah, Boon Kheng
9 (RLIN) 959
942 ## - ADDED ENTRY ELEMENTS (KOHA)
Source of classification or shelving scheme
Koha item type Book
950 ## - LOCAL HOLDINGS (RLIN)
Permanent shelving location, LOC (RLIN) AKMAL
Holdings
Withdrawn status Lost status Source of classification or shelving scheme Damaged status Not for loan Collection code Home library Current library Shelving location Date acquired Inventory number Total Checkouts Full call number Barcode Date last seen Price effective from Koha item type
          NON-FICTION AKMAL Melaka AKMAL Melaka PINJAMAN 03.05.2017 000605   070.92 SAM 201701266 03.05.2017 03.05.2017 Book
Pusat Sumber Maklumat Dato' Haji Sarmin Md Hussin, Akademi Kastam Diraja Malaysia, Melaka
Tel: 06-2331106 | Faks: 06-2313787